Análisis, evaluación y mejoramiento de la red de abastecimiento de agua potable del sector urbano del municipio de la libertad departamento de Chontales

Presenta el análisis, evaluación y mejoramiento de la red de abastecimiento de agua potable del sector urbano del municipio de la libertad departamento de Chontales, se realiza un modelo hidráulico bajo las condiciones existentes en la red abastecimiento de agua potable en la ciudad.

Bibliographic Details
Main Authors: Miranda Tablada, Cristhofer Emmanuel, Rivera Solís, Jassy Denisse
Other Authors: Tutor: Baltodano Maldonado, José Ángel
Format: Tesis Section = Libro
Language:Undetermined
Spanish
Published: Managua UNI 2010
Subjects:
LEADER 01170nam a2200265Ia 4500
008 240830s9999 xx 000 0 und d
040 |a BIBLIOTECA-RUPAP Mon 628.72 M672 
041 |a spa 
082 |a Mon 628.72 M672 
100 1 |a Miranda Tablada, Cristhofer Emmanuel 
100 1 |b  Rivera Solís, Jassy Denisse 
245 1 0 |a Análisis, evaluación y mejoramiento de la red de abastecimiento de agua potable del sector urbano del municipio de la libertad departamento de Chontales 
260 |a Managua  |b UNI  |c 2010 
300 |a 58 p. :il. 
500 |a Contiene: anexos. 
502 |a Tesis (Ingeniero Civil)- UNI, 2010. 
520 3 |a Presenta el análisis, evaluación y mejoramiento de la red de abastecimiento de agua potable del sector urbano del municipio de la libertad departamento de Chontales, se realiza un modelo hidráulico bajo las condiciones existentes en la red abastecimiento de agua potable en la ciudad. 
650 7 |a ABASTECIMIENTO DE AGUA 
650 7 |b AGUA POTABLE 
650 7 |c CALIDAD DEL 
650 7 |d DISTRIBUCION DEL AGUA 
700 1 |a Tutor:  |b Baltodano Maldonado, José Ángel 
942 |c BK  |2 ddc 
991 |a TESIS 
999 |c 16543